Black Ops 3: Guns - Statistics

General Stats
  • This quiz has been taken 837 times
  • The average score is 15 of 31
Answer Stats
Hint Answer % Correct
Sniper Locus
78%
AR KN-44
77%
SMG Kuda
76%
SMG VMP
72%
LMG Dingo
66%
AR Man-O-War
65%
SMG Vesper
64%
AR M8A7
58%
Pistol RK5
56%
Sniper Drakon
55%
Shotgun Argus
54%
Pistol MR6
52%
SMG Razorback
51%
SMG Pharo
50%
LMG BRM
49%
LMG Gorgon
49%
SMG Weevil
49%
Sniper SVG-100
48%
AR HVK-30
44%
AR XR-2
42%
AR ICR-1
41%
AR Shieva
41%
Launcher Blackcell
39%
Sniper P-06
39%
LMG 48 Dredge
38%
Launcher XM-53
37%
Special Combat Knife
36%
Shotgun Haymaker 12
35%
Shotgun 205 Brecci
34%
Shotgun KRM-262
30%
Pistol L-CAR6
8%
No matching quizzes found
Score Distribution
Percent of People with Each Score
Percentile by Number Answered
Your Score History
You have not taken this quiz